BIBLIOTECA

SENCICO

Vigas losas y columnas con el Reglamento : ACI - 83 (Adicional 86) (Registro nro. 1034)

Detalles MARC
000 -LEADER
fixed length control field 00616nam a2200253Ia 4500
005 - DATE AND TIME OF LATEST TRANSACTION
control field 20251020182457.0
008 - FIXED-LENGTH DATA ELEMENTS--GENERAL INFORMATION
fixed length control field 200515s9999 xx 000 0 und d
082 ## - DEWEY DECIMAL CLASSIFICATION NUMBER
Classification number 624.072/O73
100 ## - MAIN ENTRY--PERSONAL NAME
Personal name Ortega García, Juan
245 #0 - TITLE STATEMENT
Title Vigas losas y columnas con el Reglamento : ACI - 83 (Adicional 86)
260 ## - PUBLICATION, DISTRIBUTION, ETC.
Place of publication, distribution, etc. s.l.
260 ## - PUBLICATION, DISTRIBUTION, ETC.
Name of publisher, distributor, etc. INIVI
260 ## - PUBLICATION, DISTRIBUTION, ETC.
Date of publication, distribution, etc. s.a.
300 ## - PHYSICAL DESCRIPTION
Extent 331 p.
300 ## - PHYSICAL DESCRIPTION
Other physical details tbl., graf.
490 ## - SERIES STATEMENT
Series statement Diseño de Estructuras de Concreto Armado
500 ## - GENERAL NOTE
General note 1 ejemplar
650 ## - SUBJECT ADDED ENTRY--TOPICAL TERM
Topical term or geographic name entry element COLUMNAS
650 ## - SUBJECT ADDED ENTRY--TOPICAL TERM
Topical term or geographic name entry element LOSAS
650 ## - SUBJECT ADDED ENTRY--TOPICAL TERM
Topical term or geographic name entry element NORMAS
650 ## - SUBJECT ADDED ENTRY--TOPICAL TERM
Topical term or geographic name entry element VIGAS
942 ## - ADDED ENTRY ELEMENTS (KOHA)
Koha item type Libros
Existencias
Fecha de la última vez que lo usaron Pago total Signatura topográfica completa Código de barras Precio efectivo desde Tipo de documento Estado perdido Estado dañado No es para préstamo Retirado Ubicación permanente Ubicación actual Fecha de adquisición
15/05/2020   624.072/O73 Bib-Lima15051034 15/05/2020 Libros         Biblioteca Central Lima Biblioteca Central Lima 15/05/2020